Statistics for Lana Del Rey - Religion Lyrics

Click here to take the quiz!

General Stats

  • This quiz has been taken 13 times
  • The average score is 263 of 277

Answer Stats

Answer% Correct
a
100%
All
100%
all
100%
can't
100%
do
100%
down
100%
for
100%
For
100%
friends
100%
hear
100%
how
100%
I
100%
I'm
100%
is
100%
knees
100%
Like
100%
living
100%
love
100%
minute
100%
more
100%
my
100%
need
100%
no
100%
No
100%
on
100%
pray
100%
religion
100%
say
100%
should
100%
some
100%
space
100%
take
100%
the
100%
there's
100%
to
100%
was
100%
we
100%
Well
100%
When
100%
when
100%
With
100%
you
100%
your
100%
you're
100%
You're
100%
about
89%
are
89%
beds
89%
bright
89%
cloudy
89%
days
89%
drugs
89%
envision
89%
Even
89%
Everything
89%
fine
89%
In
89%
it
89%
It
89%
Lady
89%
"Lay
89%
Lay"
89%
lay
89%
made
89%
may
89%
minds
89%
money
89%
music
89%
never
89%
now
89%
of
89%
only
89%
or
89%
our
89%
out
89%
party
89%
play
89%
stay
89%
storms
89%
that
89%
they
89%
up
89%
away
78%
behind
78%
Chips
78%
clubs
78%
come
78%
dogs
78%
fall
78%
Hallelujah
78%
Leave
78%
Let
78%
ocean
78%
one's
78%
sleeping
78%
survive
78%
time
78%
wash
78%
will
67%
wherever
56%
thee
44%

Score Distribution

Percentile by Number Answered

Percent of People with Each Score

Your Score History

You have not taken this quiz